000 00752nam a2200205 a 4500
008 120220s2010 ||||||||||||||||| || u
020 _a9780955820083
050 _aRC 606 Hiv
100 _aDifferding, Virginia
245 1 0 _aHIV treatments directory. -- 28th ed.
_cedited by Virginia Differding
246 _aNational AIDS manual
250 _a28th ed.
260 _aLondon
_bNAM
_c2010
300 _aiv, 555p.: ill. + DC-ROM
350 _a0.00
500 _aAccompanied by CD-ROM
650 _aHIV (VIRUSES)--PERIODICALS
650 _aHIV (VIRUSES)--TREATMENT--GREAT BRITAIN--PERIODICALS
995 _aREFERENCE BOOKS
_e901549
_FCBU-SCHOOL OF MEDICINE LIBRARY (Ndola)
_I0.00
_jRC 606 Hiv
_M1
_UAVAILABLE
_WJun 29, 2012
_y901549
_ZReference Collection
999 _c31704
_d31704